000 00604nam a2200241Ia 4500
003 OSt
005 20221007100711.0
006 a|||||r|||| 00| 0
007 ta
008 221006b |||||||| |||| 00| 0 eng d
024 _a4,940
037 _cTextual
040 _aLCO
_cLCO
_beng
041 _2eng
_aeng
082 _aZ(Q2),12, L8
100 _aDUNCAN J
245 0 _aThe death of a marriage law
260 _aNew
_bDelhi Vikas Pub. House
_c1978
300 _a228
650 _aFAMILY LAW
_9681480
942 _hZ(Q2),12, L8
_cTEXL
999 _c1174503
_d1174503